000 00459nam a2200121Ia 4500
008 160712s9999 xx 000 0 und d
100 _aSicat-Cleto, Ma. Luna.
245 _cMa. Luna Sicat-Cleto
_aAng Birtud ng Talinghaga sa Buhay at Akda ni Cirilo F. Bautista
260 _c2015
_bLikhaan: The Journal of Contemporary Philippine Literature
300 _avol. 9
650 _xPANAYAM
856 _uhttp://journals.upd.edu.ph/index.php/lik/issue/view/539/showToc
999 _c297089
_d297089